01620 a2200145 4500020002700000020003000027082001200057100002200069245010700091250001200198260004200210300002100252520111900273856008201392 a0891060812 (hardcover) a9780891060819 (hardcover)04a658.4021 aHuszczo, Gregory.10aTools for team excellence :bgetting your team into high gear and keeping it there /cGregory Huszczo. a1st ed. a[S.l.] :bIntercultural Press,c1996. a248 p. ;c24 cm. aClearly written and packed with practical team training exercises from the author's experience in over 25 years of working with teams, TOOLS FOR TEAM EXCELLENCE provides comprehnsive information on building, assessing, and improving team performance. Crafted specifically for use by team members, these exercises, normally available only through professional corporate trainers, cannot be found in any other source. Going beyond the purely philosophical approaches or trendy fads outlined in current management literature, TOOLS FOR TEAM ECELLENCE describes seven key components necessary for creating effective teams: specific targets, appropriate talent, clear roles and responsibilities, efficient procedures, constructive interpersonal relations, active reinforcement, and diplomatic ties with other parts of the organization. Addressing the gap that often appears between theory and practice, this book provides a host of strategies, techniques, and team-building tools honed by experience--exercises and worksheets, questionnaires, assessment techniques, problem-solving guidelines, and troubleshooting tips.403Amazon.comuhttp://www.amazon.com/exec/obidos/ASIN/0891060812/chopaconline-20